000 00675cab a2200229 4500
001 ABS55629
008 090401t1996 xxu||||| |||| 00| 0 eng d
035 _a(Sirsi) u17650
041 _aeng
100 _aAdams, A.
245 _aWhat differentiates grades of agricultural land?
260 _c1996
350 _a0
490 _aCSM (Chartered Surveyor Monthly)
_v5(10) July/August 1996, 43(1)
520 _aExplains the origins and workings of the MAFF Agricultural Land Classification system.
650 _aAGRICULTURAL LAND CLASSIFICATION
650 _aFARMLAND
650 _aLAND MANAGEMENT
690 _aRURAL PRACTICE
942 _n0
948 _c04/03/1997
999 _c11702
_d11702